000 00628nam a2200169 a 4500
001 000027427
005 20200930030827.0
008 110331s1996 dr 000 0 spa d
040 _aDO-SdBNP
_bspa
_cBNPHU
100 1 _aCely, Patricia
_954495
245 1 0 _aEmpresas de mujeres en la República Dominicana 1992-1995 :
_buna perspectiva dinámica /
_cPatricia Cely; presentación Mario Dávalos.
260 _aSanto Domingo :
_bFondo para el Financiamiento de la Microempresa,
_c1996.
300 _a94 p. :
_bgráf. ;
_c27 cm.
500 _aIncluye notas al pie de las páginas
700 1 2 _aDávalos, Mario
_99529
049 _aBNPD
999 _c26919
_d26919